| 000 | 00422nam a2200181Ia 4500 | ||
|---|---|---|---|
| 001 | 13883 | ||
| 005 | 20260306164833.0 | ||
| 008 | 260306t1997||||xx |||||||||||||| ||spa|| | ||
| 041 | _aESP | ||
| 082 |
_aS 005.43 _bS78 |
||
| 100 |
_aStallings, William _eAUT |
||
| 245 | 0 | _aSistemas Operativos | |
| 260 | _c1997 | ||
| 300 |
_axx, 732 páginas : _c25 cm. |
||
| 650 | _aGEN | ||
| 654 | _aCCC | ||
| 942 |
_cLIB _dJUS _fJUS _2ddc _n |
||
| 999 |
_c13883 _d13883 |
||